000 00588nam a22001937a 4500
005 20150124121741.0
008 110706t mx||||| |||| 00| 0 spa d
020 _a9786070302190
050 0 4 _aF1223
_bG35 2010
100 1 _aGaleana, Patricia
245 1 0 _aDos siglos de México /
_cPatricia Galena, Gloria Villegas.
250 _a1a ed.
260 _aMéxico :
_bSenado de la República : Siglo xxi,
_c2010
300 _ax, 563 p. ;
_c23 cm.
504 _aIncluye índice
651 _aMéxico
_xHistoria, cronologia
700 1 _aVillegas, Gloria,
_ecoaut.
942 _2ddc
_cLIB
999 _c10496
_d10496